000 01043nam a22003377a 4500
001 768714001
003 CO-MdFUSB
005 20240409100412.0
007 ta
008 171120b xxu||||| |||| 00| 0 eng d
020 _a978-84-293-1812-8
040 _aCO-MdFUSB
_bspa
_cCO-MdFUSB
_dCO-MdFUSBC
_erda
041 _aspa
082 0 4 _aG 226.207 I112e
100 1 _aRiera i Figueras, Francesc
_eautor
245 1 3 _aEl evangelio de Mateo
_b : el difícil consenso en una iglesia plural (Mt 3-20)
_c/ Francesc Riera i Figueras
264 1 _aMaliaño, Cantabria :
_b Sal Terrae,
_c[2009]
264 4 _c©2009
300 _a254 páginas
336 _2rdacontent
_atexto
_btxt
337 _2rdamedia
_asin mediación
_bn
338 _2rdacarrier
_avolumen
_bnc
505 _aComentario Bíblico de Mateo
563 _aRústico
650 0 _aBiblia
_916
653 _aBiblia - Comentarios
653 _aBiblia N.T. - Mateo - Comentarios
653 _aBiblia N.T. - Mateo - Crítica e interpretación
942 _cBK
945 _aJTF-925
999 _c44809
_d44809